LEADER 01623nam2 22003131i 450 001 UON00441200 005 20231205104950.587 100 $a20140617g18891891 |0itac50 ba 101 $aita 102 $aIT 105 $a||||Y ||||| 200 1 $aAmba Derņ, G. 3$fIstituto geografico Militare 205 $aScala nel rapporto di 1 a 50.000 210 $a[Firenze]$cIstituto geografico Militare$d1889-1891 215 $a1 c.$d43 x 43 su foglio 58 x 52 cm 300 $aLevata nel 1889-90-91. 461 1$1001UON00443368$12001 $aCarta dei possedimenti italiani in Africa$fIstituto geografico militare$1205 $aScala nel rapporto di 1 a 50.000$1210 $a[Firenze]$cIstituto geografico militare$d1888-1891$1215 $a1 c. su [25] fogli$d43 x 43 su foglio 58 x 52 cm$1300 $aIl titolo varia in: Carta della colonia Eritrea, per le carte E3-E4;F1-F4;G1-G4;H1-H4;I1-I2;J1.$vG. 3 606 $aEritrea$xCarte geografiche$3UONC025521$2FI 620 $aIT$dFirenze$3UONL000052 686 $aCARTE AFRICA$cAFRICA - CARTE GEOGRAFICHE$2A 710 02$aIstituto Geografico Militare$cFirenze$3UONV060704$05005 712 $aIstituto Geografico Militare$3UONV247708$4650 791 02$aIGM$zIstituto Geografico Militare $3UONV222488 801 $aIT$bSOL$c20260306$gRICA 899 $aSIBA - SISTEMA BIBLIOTECARIO DI ATENEO E ARCHIVIO STORICO$2UONSI 912 $aUON00441200 950 $aSIBA - SISTEMA BIBLIOTECARIO DI ATENEO E ARCHIVIO STORICO$dSI CARTE AFRICA 056 (17) $eSI G 6247/16 7 056 (17) $sBuono 996 $aAmba Derņ, G$91753304 997 $aUNIOR